<?xml version="1.0" encoding="UTF-8"?>
<record
    xmlns:xsi="http://www.w3.org/2001/XMLSchema-instance"
    xsi:schemaLocation="http://www.loc.gov/MARC21/slim http://www.loc.gov/standards/marcxml/schema/MARC21slim.xsd"
    xmlns="http://www.loc.gov/MARC21/slim">

  <leader>01028nam a22002297a 4500</leader>
  <controlfield tag="005">20161215140432.0</controlfield>
  <controlfield tag="008">      s2010    ck a    rd    00110 spa d</controlfield>
  <datafield tag="020" ind1=" " ind2=" ">
    <subfield code="a">9789589967102</subfield>
  </datafield>
  <datafield tag="041" ind1="1" ind2=" ">
    <subfield code="a">spa</subfield>
  </datafield>
  <datafield tag="044" ind1=" " ind2=" ">
    <subfield code="a">ck</subfield>
  </datafield>
  <datafield tag="082" ind1="0" ind2="4">
    <subfield code="a">635.903</subfield>
    <subfield code="b">I43g</subfield>
  </datafield>
  <datafield tag="245" ind1="1" ind2="0">
    <subfield code="a">Gu&#xED;a de campo flora y fauna de los humedales y bosques del municipio de Andaluc&#xED;a (Valle del Cauca-Colombia)</subfield>
    <subfield code="c">editado por John Infante...[et al].</subfield>
  </datafield>
  <datafield tag="260" ind1=" " ind2=" ">
    <subfield code="a">Bogot&#xE1;</subfield>
    <subfield code="b">Yoluka ONG</subfield>
    <subfield code="b">Fundaci&#xF3;n de investigaci&#xF3;n en biodiversidad y conservaci&#xF3;n</subfield>
    <subfield code="c">2010</subfield>
  </datafield>
  <datafield tag="300" ind1=" " ind2=" ">
    <subfield code="a">373 p. : </subfield>
    <subfield code="b">il. ; </subfield>
    <subfield code="c">21 cm.</subfield>
  </datafield>
  <datafield tag="490" ind1=" " ind2=" ">
    <subfield code="a">Serie biodiversidad para la sociedad </subfield>
    <subfield code="v">1</subfield>
  </datafield>
  <datafield tag="650" ind1=" " ind2="6">
    <subfield code="a">Plantas ornamentales</subfield>
    <subfield code="x"> Clasificaci&#xF3;n</subfield>
    <subfield code="v">gu&#xED;as</subfield>
    <subfield code="z">Municipio de Andaluc&#xED;a</subfield>
    <subfield code="z">Valle del Cauca (Colombia)</subfield>
    <subfield code="9">11922</subfield>
  </datafield>
  <datafield tag="650" ind1=" " ind2="6">
    <subfield code="a">Flores silvestres</subfield>
    <subfield code="x"> Clasificaci&#xF3;n</subfield>
    <subfield code="z">Municipio de Andaluc&#xED;a</subfield>
    <subfield code="z">Valle del Cauca (Colombia)</subfield>
    <subfield code="9">11923</subfield>
  </datafield>
  <datafield tag="700" ind1="1" ind2=" ">
    <subfield code="a">Infante-Betancour, John</subfield>
    <subfield code="e">ed</subfield>
    <subfield code="9">11924</subfield>
  </datafield>
  <datafield tag="700" ind1="1" ind2=" ">
    <subfield code="a">Tiboche-Garcia, Arlensiu</subfield>
    <subfield code="e">ed</subfield>
    <subfield code="9">11925</subfield>
  </datafield>
  <datafield tag="700" ind1="1" ind2=" ">
    <subfield code="9">11926</subfield>
    <subfield code="a">Mora-Fern&#xE1;ndez, Carolina</subfield>
    <subfield code="e">editora</subfield>
  </datafield>
  <datafield tag="942" ind1=" " ind2=" ">
    <subfield code="2">ddc</subfield>
    <subfield code="c">Impreso</subfield>
    <subfield code="0">2</subfield>
  </datafield>
  <datafield tag="999" ind1=" " ind2=" ">
    <subfield code="c">8163</subfield>
    <subfield code="d">8163</subfield>
  </datafield>
  <datafield tag="952" ind1=" " ind2=" ">
    <subfield code="0">0</subfield>
    <subfield code="1">0</subfield>
    <subfield code="2">ddc</subfield>
    <subfield code="4">0</subfield>
    <subfield code="7">0</subfield>
    <subfield code="8">GENERAL</subfield>
    <subfield code="I">INV2017</subfield>
    <subfield code="a">Bogota</subfield>
    <subfield code="b">Bogota</subfield>
    <subfield code="d">2014-02-27</subfield>
    <subfield code="e">Instituto</subfield>
    <subfield code="g">39000.00</subfield>
    <subfield code="l">2</subfield>
    <subfield code="m">1</subfield>
    <subfield code="o">LB-635.903 I43g</subfield>
    <subfield code="p">034009</subfield>
    <subfield code="r">2016-07-27 00:00:00</subfield>
    <subfield code="s">2016-03-31</subfield>
    <subfield code="t">Ej. 1</subfield>
    <subfield code="w">2014-02-27</subfield>
    <subfield code="x">Donaci&#xF3;n</subfield>
    <subfield code="y">LIBRO</subfield>
  </datafield>
</record>
